Estadísticas para 20 Películas Más Taquilleras de la Historia

Haz click aquí para intentar la prueba.

Estadísticas generales

  • Esta prueba ha sido intentada 1.209 veces
  • La puntuación promedio es 6 de 20

Estadísticas de respuestas

Respuesta% Correcto
Titanic
87%
Avatar
83%
Star Wars: Episodio I
58%
Harry Potter y la Piedra Filosofal
49%
Harry Potter y las Reliquias de la Muerte: Parte 2
49%
El Señor de los Anillos: El Retorno del Rey
46%
Los Vengadores
40%
Toy Story 3
31%
Iron Man 3
28%
Frozen
24%
Jurassic Park
22%
El Rey León
20%
Piratas del Caribe: En Mareas Misteriosas
19%
Piratas del Caribe y El Cofre del Hombre Muerto
19%
El Hobbit
14%
Transformers
11%
El Caballero Oscuro
10%
El Caballero Oscuro: La Leyenda Renace
10%
Skyfall
5%
Alicia en el País de las Maravillas
4%

Distribución de puntuación

Porcentaje por número respondido

Porcentaje de gente con cada puntuación

Historial de tus puntuaciones

No has intentado esta prueba.